Sociedad civil y ciudadanía : desafíos educativos

Se invita a reflexionar desde una perspectiva filosófica sobre uno de los pilares de la construcción del ejercicio de la ciudadanía, la sociedad civil, así como sus vínculos entre ésta y la sociedad política. El autor ubica a la ciudadanía en una tensión que se reproduce en tres ejes: acción-pasión,...

Full description

Bibliographic Details
Main Author: Cullen, Carlos
Format: Analitica de revista
Language:Spanish
Online Access:Acceso electrónico al documento

MARC

LEADER 00000cab a2200000 a 4500
001 041151
003 UAHC_CL
005 20251013172041.0
008 251013s2008 mx 000 spa
040 |a UAHC_CL  |c UAHC_CL  |d UAHC_CL 
100 |a Cullen, Carlos  |9 22357 
245 1 4 |a Sociedad civil y ciudadanía :   |b desafíos educativos  |c Carlos Cullen. 
264 |a México :  |b Transatlántica de Educación,  |c 2008. 
300 |a 10 páginas. 
362 0 |a Año 1 (marzo/abril 1939)- 
500 |a En: Transatlántica de Educación, volumen 4, 2008. Desde la página 25 a la 34.  
520 |a Se invita a reflexionar desde una perspectiva filosófica sobre uno de los pilares de la construcción del ejercicio de la ciudadanía, la sociedad civil, así como sus vínculos entre ésta y la sociedad política. El autor ubica a la ciudadanía en una tensión que se reproduce en tres ejes: acción-pasión, pactos-sacrificios y responsabilidad ética-soledad gnoseológica. Destaca, asimismo, la confusión actual entre información y conocimiento, alegría y consumo, como elementos que dificultan la comprensión de lo que debería ser una plena ciudadanía. Aboga por una distribución democrática del conocimiento, para lo cual deben revisarse las políticas educativas. Por último, postula como fundamental el papel de la ética para atisbar cómo puede construirse una ciudadanía que genere agencia autónoma y que a la vez sea cuidadosa de sí misma, participativa de manera crítica y responsable del otro en cuanto otro. 
856 |3 Acceso electrónico al documento  |u https://dialnet.unirioja.es/descarga/articulo/2690380.pdf 
942 |c REVA 
952 |0 0  |1 0  |4 0  |6 RECURSO_ELECTRÓNICO  |7 0  |8 COMP  |9 101372  |a BR  |b BR  |c Digital  |d 2025-10-13  |l 0  |o Recurso electrónico  |r 2025-10-13 17:20:56  |w 2025-10-13  |y REVA  |B PBAS 
999 |c 63086  |d 63086